000 01937nam0a2200325 4500
001 RU\NLR\BIBL_A\010435846
005 201505250505
021 _aRU
_b2014-41287
_92515
035 _a(NLR Aleph) 010435846
035 _a(NILC)RuMoRGB-007505148
090 _a9870761
_c9870761
100 _a20140731d2014 k y0rusy50 ca
101 0 _arus
102 _aRU
105 _ay j 000yy
200 1 _aУправление рисками в области безопасности жизнедеятельности в лесопромышленном комплексе
_eучебно-методическое пособие для бакалавров и магистров всех специальностей МГУЛ
_fМ-во образования и науки Российской Федерации, Федеральное гос. бюджетное образовательное учреждение высш. проф. образования "Московский гос. ун-т леса"
_g[А.С. Щербаков и др.]
210 _aМосква
_cИзд-во Московского гос. ун-та леса
_d2014
215 _a16 с.
_d21
320 _aБиблиогр.: с. 16 (7 назв.)
606 1 _aЛесное хозяйство
_xБезопасность жизнедеятельности
_jУчебно-методические пособия для высших учебных заведений
_2nlr_sh2
_3RU\NLR\AUTH\6601569226
686 1 _aП3н6 я8
702 1 _aЩербаков
_bА. С.
_cд-р техн. наук
_gАнатолий Сергеевич
_3RU\NLR\AUTH\7720034
_4220
712 0 2 _aМосковский государственный университет леса
_3RU\NLR\AUTH\889950393
_4570
801 0 _aRU
_bРГБ
_c20140610
_gRCR
942 _cBOOK
980 _aNBR
980 _aNB